Polscy Piłkarze Powołani na Mistrzostwa Świata 2018 - Statystyki

Ogólne statystyki
  • Ten quiz został rozwiązany 756 razy
  • Średni wynik to 18 z 24
Statystyki odpowiedzi
Pozycja Zawodnik % Poprawnych
Bramkarz Wojciech Szczęsny
99%
Napastnik Robert Lewandowski
98%
Bramkarz Łukasz Fabiański
97%
Napastnik Arkadiusz Milik
96%
Selekcjoner Adam Nawałka
94%
Obrońca Kamil Glik
94%
Pomocnik Grzegorz Krychowiak
91%
Skrzydłowy/Boczny Pomocnik Kamil Grosicki
89%
Skrzydłowy/Boczny Pomocnik Jakub Błaszczykowski
88%
Pomocnik Piotr Zieliński
88%
Obrońca Jan Bednarek
83%
Obrońca Łukasz Piszczek
80%
Obrońca Michał Pazdan
80%
Obrońca Bartosz Bereszyński
75%
Obrońca Artur Jędrzejczyk
71%
Obrońca Maciej Rybus
70%
Obrońca Thiago Cionek
70%
Pomocnik Karol Linetty
65%
Napastnik Dawid Kownacki
63%
Napastnik Łukasz Teodorczyk
57%
Pomocnik Jacek Góralski
52%
Bramkarz Bartosz Białkowski
45%
Pomocnik Sławomir Peszko
39%
Pomocnik Rafał Kurzawa
34%
Nie znaleziono quizów pasujących do podanych kryteriów
Rozkład punktacji
Procent ludzi z każdym wynikiem
Percentyl według liczby udzielonych odpowiedzi
Twoja historia wyników
Nie rozwiązałeś tego quizu